Southville International School and Colleges
Your cart is empty.
  • Cart
  • Lists
    Public lists Eva Luna New books Lux_list list_1
    Your lists Log in to create your own lists
  • Log in to your account
  • Your cookies
  • Search history
Southville International School and Colleges
  • Advanced search
  • Recent comments
  • Most popular
  • Libraries

Log in to your account

Log in with GOOGLE


If you do not have an external account, but do have a local account, you can still log in:

  1. Home
  2. MARC view: Purchasing :
Normal view MARC view ISBD view

Purchasing : (Record no. 14951)

[ view plain ]
MARC details
000 -LEADER
fixed length control field 01047pam a2200313 a 4500
001 - CONTROL NUMBER
control field ocn131069301
003 - CONTROL NUMBER IDENTIFIER
control field PILC
005 - DATE AND TIME OF LATEST TRANSACTION
control field 20150112093447.0
008 - FIXED-LENGTH DATA ELEMENTS--GENERAL INFORMATION
fixed length control field 070516s2008 njua 001 0 eng
010 ## - LIBRARY OF CONGRESS CONTROL NUMBER
LC control number 2007020615
020 ## - INTERNATIONAL STANDARD BOOK NUMBER
International Standard Book Number 9780471730088 (cloth)
040 ## - CATALOGING SOURCE
Original cataloging agency DLC
Transcribing agency DLC
Modifying agency YDX
-- BAKER
-- BTCTA
-- YDXCP
-- CVU
049 ## - LOCAL HOLDINGS (OCLC)
Holding library CVUA
050 ## - LIBRARY OF CONGRESS CALL NUMBER
Classification number TX 911.3.P8
Item number .F45 2008
082 00 - DEWEY DECIMAL CLASSIFICATION NUMBER
Classification number R 647.95068
Item number F32p 2008
090 ## - LOCALLY ASSIGNED LC-TYPE CALL NUMBER (OCLC); LOCAL CALL NUMBER (OCLC)
Classification number (OCLC) (R) ; Classification number, CALL (RLIN) (NR) TX911.3.P8
Local cutter number (OCLC) ; Book number/undivided call number, CALL (RLIN) S73 2008
100 1# - MAIN ENTRY--PERSONAL NAME
Personal name Feinstein, Andrew Hale.
9 (RLIN) 28652
245 10 - TITLE STATEMENT
Title Purchasing :
Remainder of title selection and procurement for the hospitality industry /
Statement of responsibility, etc Andrew Hale Feinstein and John M. Stefanelli.
250 ## - EDITION STATEMENT
Edition statement 7th ed. ed.
260 ## - PUBLICATION, DISTRIBUTION, ETC. (IMPRINT)
Place of publication, distribution, etc Hoboken, N.J. :
Name of publisher, distributor, etc John Wiley & Sons, Inc.,
Date of publication, distribution, etc 2008.
300 ## - PHYSICAL DESCRIPTION
Extent 786 pages :
Other physical details colored illustration ;
Dimensions 25 cm.
500 ## - GENERAL NOTE
General note Includes index.
650 #0 - SUBJECT ADDED ENTRY--TOPICAL TERM
Topical term or geographic name as entry element Hospitality industry
General subdivision Purchasing.
9 (RLIN) 28653
700 1# - ADDED ENTRY--PERSONAL NAME
Personal name Stefanelli, John M.
9 (RLIN) 28654
910 ## - USER-OPTION DATA (OCLC)
User-option data 20071207/w/c;ckc
942 ## - ADDED ENTRY ELEMENTS (KOHA)
Source of classification or shelving scheme Library of Congress Classification
Koha item type Books
980 ## - EQUIVALENCE OR CROSS-REFERENCE-SERIES STATEMENT--PERSONAL NAME/TITLE [LOCAL, CANADA]
Personal name 021107
Numeration 66370
Relator term 6560
Date of a work 262261
Miscellaneous information 1
981 ## - EQUIVALENCE OR CROSS-REFERENCE-SERIES STATEMENT--CORPORATE NAME/TITLE [LOCAL, CANADA]
Corporate name or jurisdiction name as entry element ybp
Subordinate unit HMGTB
Date of meeting or treaty signing 40014692837
Holdings
Withdrawn status Lost status Source of classification or shelving scheme Damaged status Home library Current library Shelving location Date acquired Total Checkouts Full call number Barcode Date last seen Copy number Price effective from Koha item type
    Library of Congress Classification   Southville International School Affiliated with Foreign Universities Library Southville International School Affiliated with Foreign Universities Library Southville Foreign University Section 10/12/2013   TX 911.3.P8 .F45 2008 SFU1610 05/15/2018 1 10/12/2013 Books

Purchasing :

APA

Feinstein A. H., Stefanelli J. M., . (2008). Purchasing. Hoboken, N.J: John Wiley & Sons, Inc.

Chicago

Feinstein Andrew Hale, Stefanelli John M, . 2008. Purchasing. Hoboken, N.J: John Wiley & Sons, Inc.

Harvard

Feinstein A. H., Stefanelli J. M., . (2008). Purchasing. Hoboken, N.J: John Wiley & Sons, Inc.

MLA

Feinstein Andrew Hale, Stefanelli John M, . Purchasing. Hoboken, N.J: John Wiley & Sons, Inc. 2008.

  • Place hold
  • Print
  • Cite
  • Add to your cart (remove)
  • Save record
    BIBTEX Dublin Core MARCXML MARC (non-Unicode/MARC-8) MARC (Unicode/UTF-8) MARC (Unicode/UTF-8, Standard) MODS (XML) RIS
  • More searches
    Search for this title in:
    Other Libraries (WorldCat) Other Databases (Google Scholar) Online Stores (Bookfinder.com) Open Library (openlibrary.org)

Exporting to Dublin Core...

SOUTHVILLE LIBRARY

Southville International School and Colleges Library

1281 Tropical Ave. Cor. Luxembourg St., BF Homes International, Las Pinas City

Tel. No. 8256374 / 252358 Loc. 117/146

Powered by Koha